La posmodernidad -explicada a los niños-

Збережено в:
Бібліографічні деталі
Автор: Lyotard, Jean-François (autor)
Формат: Книга
Мова:Іспанська
Опубліковано: Barcelona Gedisa 2012
Редагування:1a. ed
Серія:Filosofía
Предмети:
Теги: Додати тег
Немає тегів, Будьте першим, хто поставить тег для цього запису!

MARC

LEADER 00000cam a2200000 a 4500
001 UCC4092
003 CL-VaPUC
008 180706e20120000sp |||||||||||||||||spa|d
020 |a 9788474322668 
082 0 4 |a 190  |b LYO  |2 21 
100 |a Lyotard, Jean-François  |e autor  |9 452660 
245 1 3 |a La posmodernidad -explicada a los niños- 
250 |a 1a. ed 
300 |a 123 p 
942 |c BK 
945 |d 20180706 14:40:00  |a dcastane 
260 |a Barcelona  |b Gedisa  |c 2012 
650 0 |a Posmodernidad  |9 325588 
650 0 |a Filosofía contemporánea  |9 265372 
583 |a last modification  |c 20180706 14:40:00  |k Rodrigo Vera 
490 0 |a Filosofía 
999 |c 371695  |d 371693 
952 |0 0  |1 0  |3 erb  |4 0  |6 190_000000000000000_LYO_2012  |7 0  |8 A  |9 488804  |a BIBTEO  |b BIBTEO  |i 5479851  |l 1  |o 190 LYO 2012  |p 5479851  |r 2025-01-17  |s 2023-04-17  |w 2019-11-24  |y BK  |z Catalogado en:20180706  |k ICR